[Event "Oberfranken-ch"]
[Site "Kronach"]
[Date "2023.11.04"]
[Round "6"]
[White "Wagner, Tizian"]
[Black "Stierhof, Michael"]
[Result "1-0"]
[WhiteElo "1933"]
[BlackElo "2010"]
[PlyCount "53"]
[EventDate "2023.11.02"]
[EventType "swiss"]
[EventRounds "7"]
[EventCountry "GER"]
[SourceTitle "CB46_2023"]
[SourceDate "2023.11.15"]
[SourceVersion "1"]
[SourceVersionDate "2023.11.15"]
[SourceQuality "1"]

1. e4 d6 2. d4 Nf6 3. Nc3 g6 4. Bc4 Bg7 5. Nge2 0-0 6. f3 c6 7. a3 Nbd7 8. Be3 e5 9. Qd2 d5 10. exd5 Nb6 11. Bb3 Nfxd5 12. 0-0-0 Nxe3 13. Qxe3 exd4 14. Nxd4 Qh4 15. g3 Bh6 16. f4 Qh3 17. Ne4 Bg4 18. Rd2 Nd5 19. Bxd5 cxd5 20. Nf6+ Kh8 21. Re1 Rad8 22. Qe7 g5 23. Qe5 gxf4 24. Nxg4+ f6 25. Qf5 Bg5 26. gxf4 h6 27. fxg5 1-0

[Event "Oberfranken-ch"]
[Site "Kronach"]
[Date "2023.11.02"]
[Round "2"]
[White "Wagner, Tizian"]
[Black "Geisensetter, Franz"]
[Result "1/2-1/2"]
[WhiteElo "1933"]
[BlackElo "1954"]
[PlyCount "180"]
[EventDate "2023.11.02"]
[EventType "swiss"]
[EventRounds "7"]
[EventCountry "GER"]
[SourceTitle "CB46_2023"]
[SourceDate "2023.11.15"]
[SourceVersion "1"]
[SourceVersionDate "2023.11.15"]
[SourceQuality "1"]

1. e4 e5 2. Nf3 Nc6 3. Bb5 Nge7 4. 0-0 Ng6 5. d4 exd4 6. Nxd4 Nxd4 7. Qxd4 c6 8. Bc4 b5 9. Bb3 Qb6 10. Be3 Qxd4 11. Bxd4 Bb7 12. c4 Nf4 13. Nc3 b4 14. g3 Ne6 15. Ne2 c5 16. Be3 Bxe4 17. Nf4 Be7 18. Nd5 Bd8 19. f3 Bd3 20. Rfd1 Be2 21. Re1 Bxf3 22. Bxc5 a5 23. Bd6 f6 24. Ba4 Kf7 25. Bxd7 Ng5 26. Nf4 Bb7 27. Re3 g6 28. Rd1 Ne4 29. Be6+ Kg7 30. Bc7 Kh6 31. Nd5 Nc5 32. Bf4+ g5 33. Bd6 Nxe6 34. Rxe6 Bc8 35. Re3 Ra7 36. Rf1 Rf7 37. c5 Bb7 38. Ne7 Kg7 39. h4 gxh4 40. Nf5+ Kg6 41. gxh4 h5 42. Kh2 Bc6 43. Nd4 Bd7 44. Ne6 Re8 45. Rg3+ Kh6 46. Nxd8 Rxd8 47. Be5 Rdf8 48. Bd4 Kh7 49. c6 Bg4 50. Bb6 a4 51. Rf4 Rc8 52. c7 b3 53. axb3 axb3 54. Rxb3 Kg6 55. Ba5 Re7 56. Rb8 Re2+ 57. Kg1 Rce8 58. Bc3 Bc8 59. Rxf6+ Kh7 60. Rf7+ Kg6 61. Rg7+ Kf5 62. Rb5+ Kf4 63. Rgg5 Bg4 64. Rbe5 R2xe5 65. Bxe5+ Ke4 66. b4 Bc8 67. Bg3 Kf3 68. Bf2 Re4 69. Rg8 Rg4+ 70. Rxg4 Kxg4 71. Kf1 Kf3 72. Ke1 Ke4 73. Kd2 Kd5 74. Kc3 Kc6 75. Bg3 Kb5 76. Bf4 Bd7 77. Be5 Bc8 78. Bh2 Bd7 79. Kd4 Kxb4 80. Ke5 Kc5 81. Kf6 Kc6 82. Kg5 Bg4 83. c8Q+ Bxc8 84. Kxh5 Bf5 85. Kg5 Bb1 86. h5 Kd7 87. Kf6 Ke8 88. Kg7 Ke7 89. h6 Ke6 90. h7 Bxh7 1/2-1/2

[Event "Oberfranken-ch"]
[Site "Kronach"]
[Date "2023.02.26"]
[Round "7"]
[White "Wagner, Tizian"]
[Black "Stierhof, Michael"]
[Result "1-0"]
[WhiteElo "1898"]
[BlackElo "2068"]
[PlyCount "65"]
[EventDate "2023.02.23"]
[EventType "swiss"]
[EventRounds "7"]
[EventCountry "GER"]
[SourceTitle "EXT 2024"]
[Source "ChessBase"]
[SourceDate "2023.10.10"]
[SourceVersion "1"]
[SourceVersionDate "2023.10.10"]
[SourceQuality "1"]

1. e4 c5 2. c3 g6 3. d4 cxd4 4. cxd4 d5 5. e5 Nc6 6. Bb5 Qb6 7. Nc3 Be6 8. Nf3 a6 9. Be2 Bh6 10. 0-0 Rd8 11. Na4 Qa7 12. Be3 Bxe3 13. fxe3 Nh6 14. Ng5 Bc8 15. Qb3 Nxd4 16. exd4 Qxd4+ 17. Rf2 Qxe5 18. Nf3 Qd6 19. Nb6 Bf5 20. Qa4+ Kf8 21. Qd4 f6 22. h3 Be4 23. Nc4 Qc7 24. Ng5 Qc6 25. Nxe4 Nf5 26. Rxf5 gxf5 27. Ng3 f4 28. Nf5 f3 29. Qe3 e5 30. Nxe5 fxe5 31. Qxe5 Qc5+ 32. Kh2 Rg8 33. Bxf3 1-0

[Event "Oberfranken-ch"]
[Site "Kronach"]
[Date "2023.02.25"]
[Round "6"]
[White "Trachuk, Andriy"]
[Black "Wagner, Tizian"]
[Result "0-1"]
[WhiteElo "1461"]
[BlackElo "1898"]
[PlyCount "57"]
[EventDate "2023.02.23"]
[EventType "swiss"]
[EventRounds "7"]
[EventCountry "GER"]
[SourceTitle "CBM 213 Extra"]
[Source "ChessBase"]
[SourceDate "2023.05.31"]
[SourceVersion "1"]
[SourceVersionDate "2023.05.31"]
[SourceQuality "1"]

1. c4 e5 2. Nc3 Nf6 3. Nf3 Nc6 4. e3 Bb4 5. Qc2 0-0 6. Nd5 Re8 7. Qf5 d6 8. Nxf6+ gxf6 9. Qh5 e4 10. Nd4 Nxd4 11. exd4 c5 12. d5 f5 13. Be2 Qf6 14. 0-0 f4 15. g4 Re5 16. Qh3 f3 17. Bd1 Rg5 18. Kh1 Rxg4 19. d3 Rg6 20. Qh5 Bg4 21. Bg5 Rxg5 22. Qh4 Bd7 23. Qxe4 Bh3 24. Bxf3 Bxf1 25. Rxf1 Kh8 26. Bg4 Rag8 27. h3 h5 28. Bd7 Qg7 29. Bg4 0-1

[Event "Oberfranken-ch"]
[Site "Kronach"]
[Date "2023.02.25"]
[Round "5"]
[White "Wagner, Tizian"]
[Black "Koppe, Connor"]
[Result "1-0"]
[WhiteElo "1898"]
[BlackElo "1808"]
[PlyCount "63"]
[EventDate "2023.02.23"]
[EventType "swiss"]
[EventRounds "7"]
[EventCountry "GER"]
[SourceTitle "CBM 213 Extra"]
[Source "ChessBase"]
[SourceDate "2023.05.31"]
[SourceVersion "1"]
[SourceVersionDate "2023.05.31"]
[SourceQuality "1"]

1. e4 c5 2. c3 Nc6 3. d4 cxd4 4. cxd4 d5 5. exd5 Qxd5 6. Nf3 Bg4 7. Be2 Qa5+ 8. Bd2 Qd8 9. Qb3 Bxf3 10. Bxf3 Nxd4 11. Qxb7 Nxf3+ 12. Qxf3 Nf6 13. Nc3 e6 14. Rd1 Qc8 15. h4 Rb8 16. Bc1 Bb4 17. 0-0 Bxc3 18. bxc3 Rg8 19. Bf4 Rb7 20. Rb1 Rxb1 21. Rxb1 Nd7 22. Bd6 g6 23. Rb7 f5 24. Rxa7 Kf7 25. Rc7 Qe8 26. Qb7 Kf6 27. Rxd7 Rg7 28. Be5+ Kxe5 29. Qc7+ Kf6 30. Rxg7 h5 31. f4 e5 32. fxe5+ 1-0